000 nam a22 a 4500
999 _c1341
_d1341
003 AKMAL
005 20170509111446.0
008 170509s1995 my e 000 0 may d
020 _a9839045334 (kkt.) :
_cRM8.00
040 _aAKMAL
082 0 4 _a297.7 MOH
_222
090 0 0 _a297.7
_bMOH
245 0 0 _aBimbingan akhlak mulia yang murni dan terpuji untuk setiap muslim /
_c[penyusun] Mohd. Yusof
260 _aKuala Lumpur :
_bJasmin Enterprise,
_c1995
300 _axiv, 193ms. ;
_c21cm.
500 _aMengandungi aya-ayat dari al-Quran
650 0 _aFaith (Islam)
_91640
650 0 _aGrace (Theology)
_xIslam
_92626
700 0 _aMohd. Yusoff
_92627
942 _2ddc
_cBOOK